00321nam a2200121Ia 4500008004100000041000800041082001400049100002000063245004200083260003700125300003000162365000700192240624s9999 xx 000 0 und d aeng a005.1 GUS aGUSTAFSON DAVID aSCHAUMS OUTLINES SOFTWARE ENGINEERING c2004aNew DelhibTata McGrawhill aix, : 223 : p. : cm. ; 28 cRS